00519 a2200157 4500010001400000020002300014035001300037037001800050082001200068100002000080245011700100260005000217270004400267300003000311500002000341 aENG-86033 a0070659362c350.00 aEN-69566 bD.B.Act / Pub14a658.4061 aHess, Edward D.1 aThe road to organic growth :bhow great companies consistently grow marketshare from within /cby Edward D. Hess aNew DelhibTata Mc-Graw Hill Publishingc2007 a7, West Patel NagarbNew Delhie110 008 axiv, 209 p.c23 cm. (Hb.) aIncludes index.